San Antonio Spurs 2021/2022 Team - Statistics

General Stats
  • This quiz has been taken 2 times
  • The average score is 10 of 19
Answer Stats
Hint Answer % Correct
PG Dejounte Murray
100%
SG Devin Vassell
100%
SF Doug McDermott
100%
C Jakob Poeltl
100%
SF Josh Richardson
100%
SF Keldon Johnson
100%
SG Lonnie Walker IV
100%
PG Tre Jones
100%
PG Derrick White
50%
PF Jock Landale
50%
PF Keita Bates-Diop
50%
PF Zach Collins
50%
C Devontae Cacok
0%
C Drew Eubanks
0%
SF Joe Wieskamp
0%
SG Josh Primo
0%
SG Romeo Langford
0%
PF Thadeus Young
0%
SG Tyler Johnson
0%
No matching quizzes found
Score Distribution
Percent of People with Each Score
Percentile by Number Answered
Your Score History
You have not taken this quiz